000 00710nam a2200229Ia 4500
003 OSt
005 20220923212113.0
006 a|||||r|||| 00| 0
007 ta
008 220922b |||||||| |||| 00| 0 san d
024 _a150,749
037 _cTextual
040 _aARTS
_cARTS
_bsan
041 _2san
_asan
082 _aLAx6:1, 15H9.1-.2
100 _aमिश्र, भार्व
_9156290
245 0 _aभावप्रकाश लालंचन्द्र व्या 2 खड़
246 _aBhāvaprakāsh lālanchandra vyā 2 khaड़
260 _c1949
942 _hLAx6:1, 15H9.1-.2
_cTEXL
_2CC
999 _c306429
_d306429